000 00345nam a2200145Ia 4500
003 OSt
005 20240208152332.0
008 170524s9999 xx 000 0 und d
020 _a8120306244
040 _ciimtu meerut
100 _aDECENZO- D
245 0 _aPERSONNEL HUMAN RESOURCE MANAGEMENT
260 _bHIMALYA PUB. HOUSE
942 _2ddc
_c02
999 _c8006
_d8006